000
00319nam a2200133Ia 4500
003
OSt
005
20231218064342.0
008
170524s9999 xx 000 0 und d
020
_a
9788126102174
040
_c
IIMT UNIVERSITY, MEERUT
100
_a
JOSHI UMA
245
0
_a
T B OF MASS COMMUNACTION MEDIA
942
_2
ddc
_c
02
999
_c
9097
_d
9097